header

Iraq and the war on terror (Record no. 80213)

MARC details
000 -LEADER
fixed length control field 01392nam a2200349 a 4500
100 1# - MAIN ENTRY--AUTHOR NAME
Personal name Rogers, Paul,
245 10 - TITLE STATEMENT
Title Iraq and the war on terror
260 ## - PUBLICATION, DISTRIBUTION, ETC. (IMPRINT)
Place of publication London :
Name of publisher I. B. Tauris ;
Place of publication New York :
Name of publisher Palgrave Macmillan [dist.],
Year of publication 2006.
300 ## - PHYSICAL DESCRIPTION
Number of Pages vii, 184 p.
490 1# - SERIES STATEMENT
Series statement International security report
650 #0 - SUBJECT ADDED ENTRY--TOPICAL TERM
Topical Term War on Terrorism, 2001-2009.
Topical Term Iraq War, 2003-2011.
856 40 - ELECTRONIC LOCATION AND ACCESS
Uniform Resource Identifier http://site.ebrary.com/lib/rucke/Doc?id=10133006

No items available.

© 2026 Rongo University
Contact us: librarian | system librarian | Rongo university